| 000 | 00424nam a2200193Ia 4500 | ||
|---|---|---|---|
| 008 | 210210b1962 xxu||||| |||| 00| 0 eng d | ||
| 041 | _aeng | ||
| 082 | _a920/4(a) | ||
| 100 | _aBEARD (Mary R) | ||
| 245 | _aWoman as force in history | ||
| 260 |
_aNew York _bColler Books _c1962 |
||
| 650 | _aWoman | ||
| 650 | _ain | ||
| 650 | _ahistory | ||
| 650 | _aforce | ||
| 650 | _aas | ||
| 690 | _aTravel | ||
| 906 | _a024746 | ||
| 999 |
_c150368 _d150368 |
||